Studying for science (Record no. 80784)

MARC details
000 -LEADER
fixed length control field 00811nam a2200193 a 4500
008 - FIXED-LENGTH DATA ELEMENTS--GENERAL INFORMATION
fixed length control field 120416s1991 ||||||||||||||||| || u
020 ## - INTERNATIONAL STANDARD BOOK NUMBER
International Standard Book Number 0419148205
050 ## - LIBRARY OF CONGRESS CALL NUMBER
Classification number LB 2395 Whi
100 ## - MAIN ENTRY--PERSONAL NAME
Personal name White, Brian
245 10 - TITLE STATEMENT
Title Studying for science
246 ## -
-- a guide to information, communication and study techniques
260 ## - PUBLICATION, DISTRIBUTION, ETC.
Place of publication, distribution, etc. London
Name of publisher, distributor, etc. Chapman & Hall
Date of publication, distribution, etc. 1991
300 ## - PHYSICAL DESCRIPTION
Extent xiv, 202p. : ill.
350 ## -
-- 0.00
650 ## - SUBJECT ADDED ENTRY--TOPICAL TERM
Topical term or geographic name entry element SCIENCE--STUDY AND TEACHING
650 ## - SUBJECT ADDED ENTRY--TOPICAL TERM
Topical term or geographic name entry element METHODOLOGY
995 ## -
-- ANNEX COLLECTION (Main Library)
-- 0.00
-- 724744
-- CBU-MAIN LIBRARY (Kitwe)
-- 1
-- 0.00
-- LB 2395 Whi
-- 1
-- AVAILABLE
-- 008109
-- Annex Low-Usage Collection
995 ## -
-- ANNEX COLLECTION (Main Library)
-- 0.00
-- 737364
-- CBU-MAIN LIBRARY (Kitwe)
-- 1
-- 0.00
-- LB 2395 Whi
-- 2
-- AVAILABLE
-- Jul 17, 2006
-- 43919
-- Annex Low-Usage Collection
999 ## -
-- 80784
-- 80784
Holdings
Withdrawn status Lost status Source of classification or shelving scheme Damaged status Not for loan Permanent Location Current Location Shelving location Date acquired Total Checkouts Full call number Barcode Date last seen Copy number Price effective from Koha item type
          CBU-MAIN LIBRARY, KITWE. CBU-MAIN LIBRARY, KITWE.   07/11/2023   LB 2395 Whi 008109 07/11/2023 1 07/11/2023 MONOGRAPH
          CBU-MAIN LIBRARY, KITWE. CBU-MAIN LIBRARY, KITWE.   07/11/2023   LB 2395 Whi 43919 07/11/2023 2 07/11/2023 MONOGRAPH